Peaks and Valleys (Record no. 94817)

MARC details
000 -LEADER
fixed length control field 00608nam a2200217Ia 4500
005 - DATE AND TIME OF LATEST TRANSACTION
control field 20251121154934.0
008 - FIXED-LENGTH DATA ELEMENTS--GENERAL INFORMATION
fixed length control field 230125s9999 xx 000 0 und d
020 ## - INTERNATIONAL STANDARD BOOK NUMBER
International Standard Book Number 9781847396488
041 ## - LANGUAGE CODE
Language code of text/sound track or separate title eng
082 ## - DEWEY DECIMAL CLASSIFICATION NUMBER
Classification number 158.1
Item number JOH
100 ## - MAIN ENTRY--PERSONAL NAME
Author Johnson S
245 ## - TITLE STATEMENT
Title Peaks and Valleys
Remainder of title Making good and bad Times Work for you At Work and In Life
250 ## - EDITION STATEMENT
Edition statement Ed.1st
260 ## - PUBLICATION, DISTRIBUTION, ETC.
Date of publication, distribution, etc. 2009
Name of publisher, distributor, etc. Simon & schuster publisher
Place of publication, distribution, etc. New York
300 ## - PHYSICAL DESCRIPTION
Extent 101p
500 ## - GENERAL NOTE
Keywords Personality Development
650 ## - SUBJECT ADDED ENTRY--TOPICAL TERM
Topical term or geographic name entry element Personality Development
700 ## - ADDED ENTRY--PERSONAL NAME
Personal name Johnson S
942 ## - ADDED ENTRY ELEMENTS (KOHA)
Koha item type Books
906 ## - LOCAL DATA ELEMENT F, LDF (RLIN)
b 54.25
Holdings
Withdrawn status Lost status Damaged status Not for loan Home library Current library Date acquired Vendor Net Price Bill number Total Checkouts Full call number Barcode Date last seen Actual Price Bill Date Koha item type Original Barcode
        Smt. Hiraben Nanavati Institute of Management & Research for Women Smt. Hiraben Nanavati Institute of Management & Research for Women 16/03/2017 Suyog Enterprises 175.00 SE/SI/3810   158.1 JOH B15703 HIMR-BK-15703 25/01/2023 120.75 02/03/2017 Books B15703